| 000 | 00505nam a22001697i 4500 | ||
|---|---|---|---|
| 020 | _a9710842439 | ||
| 050 | 1 | 4 |
_aHG 4515.3 _bS159 |
| 100 | _aSalamat, Lorina G. | ||
| 245 |
_aMathematics of investment _cLorina G. Salamat |
||
| 264 | 1 |
_aMandaluyong City: _bNBS, _c1988. |
|
| 300 |
_a201 pages; _c26 cm. |
||
| 336 |
_atext _btxt _2rdacontent |
||
| 337 |
_aunmediated _bn _2rdamedia |
||
| 338 |
_avolume _bnc _2rdacarrier |
||
| 650 | _a1.Investment--Mathematics--Study and teaching (Higher). I.Title | ||
| 942 | _cF | ||
| 999 |
_c4020 _d4020 |
||